000 00641nam a22002297a 4500
008 200126b xxu||||| |||| 00| 0 eng d
020 _a9994668412
041 _aNep./Eng.
082 _2510/W124s
100 _aWagle,N.P.
245 _aStep by step s.l.c.mathematics package program: based on new curriculum (new approach)
260 _aKathmandu:
_bSrijana books publisher & distributors,
_c2006.
300 _a305p.;illus.
650 _aMathematics
650 _aAlgebra
650 _aArithmetic
_98058
650 _aGeometry
700 _aKhadka, H.B
700 _aDawadi,B.D.
700 _aTiwari, D.P
942 _2ddc
_cISBN
999 _c91295
_d91284